Nazwij pasującą europejską stolicę - Statystyki

Ogólne statystyki
  • Ten quiz został rozwiązany 17 992 razy
    17 974 od ostatniego zresetowania
  • Średni wynik to 14 z 20
Statystyki odpowiedzi
Nazwij europejską stolicę... Stolica % Poprawnych
która jest jedną z 10 światowych stolic mody: Berlin | Londyn | Madryt | Paryż | Rzym
99%
w której średnia temperatura powietrza to 6.0ºC (42F) albo mniej: Helsinki | Oslo | Moskwa | Reykjavík | Tallinn | Wilno
94%
która ma dokładnie 4 litery w nazwie: Oslo | Ryga | Rzym
90%
która jest w UE, lecz nie używa euro: Budapeszt | Bukareszt | Kopenhaga | Praga | Sofia | Sztokholm | Warszawa
89%
która jest stolicą państwa, które było kiedyś częścią Jugosławii: Belgrad | Lublana | Podgorica | Prisztina | Sarajewo | Skopje | Zagrzeb
86%
która jest oddalona o ponad 450 kilometrów od jakiejkolwiek innej stolicy państwa: Andora | Ateny | Dublin | Lizbona | Madryt | Moskwa | Reykjavík
85%
która jest oddalona o co najmniej 400 kilometrów od morza: Budapeszt | Kijów | Mińsk | Moskwa
83%
która leży na zachód od południka zerowego: Dublin | Lizbona | Londyn | Madryt | Reykjavík
77%
która jest stolicą jednego z państw ościennych Grecji: Skopje | Sofia | Tirana
77%
która jest stolicą państwa, którego nazwa zawiera "land": Amsterdam | Dublin | Helsinki | Reykjavík
75%
która zawiera literę "k", ale się na nią nie zaczyna: Bruksela | Bukareszt | Helsinki | Luksemburg | Monako | Moskwa | Mińsk | Reykjavík | Skopje | Sztokholm | Watykan
73%
która organizowała Zimowe Igrzyska Olimpijskie: Oslo | Sarajewo
68%
która została odgadnięta mniej niż 45% razy w quizie "Europe Capitals Quiz": Kiszyniów | Lublana | Podgorica | Prisztina | Skopje | Vaduz
66%
która leży nad Dunajem: Bratysława | Belgrad | Budapeszt | Wiedeń
60%
w której spada rocznie mniej niż 500mm opadów atmosferycznych: Ateny | Madryt | Skopje
58%
która leży bliżej niż 500 kilometrów od Morza Czarnego: Bukareszt | Kijów | Kiszyniów | Sofia
58%
która jest jednym z 2 najbardziej przyjaznych rowerzystom miast: Amsterdam | Kopenhaga
57%
która jest jedną z 3 stolic Unii Europejskiej: Bruksela | Luksemburg
57%
której wysokość przekracza 500m n.p.m.: Andora | Berno | Madryt | Sarajewo | Sofia
49%
której nazwa zaczyna się na tę samą literę, ale nie jest taka sama jak nazwa państwa, w którym się znajduje: Bruksela | Sztokholm
48%
Nie znaleziono quizów pasujących do podanych kryteriów
Rozkład punktacji
Procent ludzi z każdym wynikiem
Percentyl według liczby udzielonych odpowiedzi
Twoja historia wyników
Nie rozwiązałeś tego quizu od ostatniego zresetowania